| 000 | 00985cad a22002055a 4500 | ||
|---|---|---|---|
| 001 | L156397 | ||
| 008 | 120516s2012 xxk f 000 0 eng d | ||
| 035 | _a(Sirsi) u156397 | ||
| 041 | 0 | _aeng | |
| 110 | 2 |
_aSavills _92020 |
|
| 245 | 0 | 0 |
_aGolden opportunity _bIs it time to commit to residential investment? _h[electronic resource] |
| 490 | 0 |
_aSavills Residential Property Focus _v2 QR 2012 |
|
| 520 | _aA special supplement on residential investment opportunities. The growth of the private rented sector, impact of increases in stamp duty, market forecasts for mainstream and prime sectors and residential development. Concludes with a comparision between the pros and cons of buying verses renting. | ||
| 590 | _aKA NTK | ||
| 651 | 4 |
_aUnited Kingdom _y |
|
| 690 |
_aResidential property _96266 |
||
| 690 |
_aInvestments _96250 |
||
| 856 | 4 | 0 |
_uhttps://www.savills.co.uk/research/residential-research.aspx _zView the report after free registration at www.savills.co.uk |
| 942 | _n0 | ||
| 999 |
_c114238 _d114238 |
||